عرض عادي
عرض مارك
- Chung, Kyung Won.
مدخل إسم شخص
001 - رقم الضبط
- حقل الضبط: 19503
003 - معرف رقم الضبط
- حقل الضبط: OSt
005 - تاريخ ووقت أخر عملية
- حقل الضبط: 20130111155816.0
008 - عناصر بيانات ثابتة الطول
- حقل تحكم ثابت الطول: 130111|||a|||||| | ||| d
040 ## - مصدر الفهرسة
- هيئة الفهرسة الأصلية: OSt
- وكالة الكتابة: OSt
100 ## - مدخل -- أسم شخص
- إسم شخص: Chung, Kyung Won.
670 ## - بيانات المصدر موجوده
- الاستشهاد بالمصدر: Work cat.: (OSt)0: Chung, Kyung Won., Gross anatomy /, c2012.
